The Marches of John Philip Sousa - Statistics

General Stats
  • This quiz has been taken 58 times
  • The average score is 15 of 136
Answer Stats
Year March % Correct
1896 Stars and Stripes Forever
77%
1889 The Washington Post
77%
1893 Liberty Bell
62%
1889 The Thunderer
56%
1888 Semper Fidelis
51%
1896 El Capitan
38%
1890 High School Cadets
33%
1895 King Cotton
33%
1899 Hands Across the Sea
28%
1886 Funeral March
26%
1879 Globe and Eagle
26%
1893 Manhattan Beach
26%
1908 Fairest of the Fair
23%
1924 The Black Horse Troop
23%
1922 The Gallant Seventh
23%
1885 Mikado March
21%
1883 Mother Goose
21%
1881 President Garfield's Inauguration March
21%
1886 The Gladiator
21%
1891 The Wolverine March
21%
1878 Esprit de Corps
18%
1883 Right-Left
18%
1925 The National Game
18%
1917 U.S. Field Artillery
18%
1918 Wedding March
18%
1877 Across the Danube
15%
1890 Corcoran Cadets
15%
1902 Imperial Edward
15%
1880 Our Flirtation
15%
1873 Review
15%
1876 Revival March
15%
1885 Sound Off
15%
1904 The Diplomat
15%
1877 The Honored Dead
15%
1901 The Invincible Eagle
15%
1886 The Rifle Regiment
15%
1920 Who's Who in Navy Blue
15%
1881 Garfield's Funeral March
13%
1900 Hail to the Spirit of Liberty
13%
1903 Jack Tar
13%
1885 Mother Hubbard March
13%
1923 Nobles of the Mystic Shrine
13%
1920 On the Campus
13%
1909 The Glory of the Yankee Navy
13%
1889 The Quilting Party March
13%
1929 University of Illinois
13%
1917 Wisconsin Forward Forever
13%
1916 America First
10%
1888 Ben Bolt
10%
1919 Bullets and Bayonets
10%
1926 Old Ironsides
10%
1879 On the Tramp
10%
1883 Pet of the Petticoats
10%
1918 Sabre and Spurs
10%
1926 Sesqui-Centennial Exposition March
10%
1897 The Bride Elect
10%
1888 The Crusader
10%
1915 The New York Hippodrome
10%
1915 The Pathfinder of Panama
10%
1901 The Pride of Pittsburgh
10%
1929 The Royal Welch Fusiliers, Nr. 1
10%
1930 The Royal Welch Fusiliers, Nr. 2
10%
1884 The White Plume
10%
1885 Triumph of Time
10%
1924 Ancient and Honorable Artillery Company
8%
1883 Bonnie Annie Laurie
8%
1916 Boy Scouts of America
8%
1882 Congress Hall
8%
1881 Guide Right
8%
1892 March of the Royal Trumpets
8%
1888 National Fencibles
8%
1892 On Parade: The Lion Tamer
8%
1879 Resumption March
8%
1881 Right Forward
8%
1873 Salutation
8%
1918 Solid Men to the Front
8%
1927 The Atlantic City Pageant
8%
1893 The Beau Ideal
8%
1892 The Belle of Chicago
8%
1898 The Charlatan
8%
1899 The Man Behind the Gun
8%
1887 The Occidental
8%
1883 Transit of Venus
8%
1881 Yorktown Centennial
8%
1931 A Century of Progress
5%
1929 Daughters of Texas
5%
1913 From Maine to Oregon
5%
1891/2 Homeward Bound
5%
1931 Kansas Wildcats
5%
1927 Minnesota March
5%
1880? Recognition March
5%
1890 The Loyal Legion
5%
1930 The Wildcats: Salute to Kansas
5%
1929 Foshay Tower Washington Memorial
3%
1929 La Flor de Sevilla
3%
1917 Liberty Loan
3%
1928 New Mexico
3%
1927 Riders for the Flag
3%
1931 The Aviators
3%
1894 The Directorate
3%
1889 The Picadore
3%
1926 The Pride of the Wolverines
3%
1892 The Triton
3%
1917 The White Rose
3%
1928 University of Nebraska
3%
1918 Anchor and Star
0%
1914 Columbia's Pride
0%
1920 Comrades of the Legion
0%
1918 Flags of Freedom
0%
1884 Four Marches for Reg. Drums and Trumpets
0%
1930 George Washington Bicentennial
0%
1928 Golden Jubilee
0%
1930 Harmonica Wizard
0%
1921 Keeping Step with the Union
0%
1927 Magna Charta
0%
1923 March of the Mitten Men: Power and Glory
0%
1916 March of the Pan Americans
0%
1924 Marquette University March
0%
1907 Powahattan's Daughter
0%
1928 Prince Charming
0%
1918 The Chantyman's March
0%
1931 The Circumnavigators Club
0%
1922 The Dauntless Battalion
0%
1910 The Federal
0%
1906 The Free Lance
0%
1919 The Golden Star
0%
1926 The Gridiron Club
0%
1914 The Lambs' March
0%
1930 The Legionnaires
0%
1917 The Naval Reserve
0%
1931 The Northern Pines
0%
1875 The Phoenix
0%
1930 The Salvation Army
0%
1918 The Volunteers
0%
1925/6 Universal Peace
0%
1918 U.S.A.A.C. March
0%
No matching quizzes found
Score Distribution
Percent of People with Each Score
Percentile by Number Answered
Your Score History
You have not taken this quiz